[Event "Niederbayernliga 1516"]
[Site "Bayern"]
[Date "2016.02.21"]
[Round "7.2"]
[White "Palmi, Herbert"]
[Black "Stutzke, Christian"]
[Result "1-0"]
[WhiteElo "1990"]
[BlackElo "1779"]
[PlyCount "79"]
[EventDate "2015.10.11"]
[EventType "team-tourn"]
[EventRounds "9"]
[EventCountry "GER"]
[SourceTitle "EXT 2023"]
[Source "ChessBase"]
[SourceDate "2022.10.05"]
[SourceVersion "1"]
[SourceVersionDate "2022.10.05"]
[SourceQuality "1"]
[WhiteTeam "Bayerwald Regen"]
[BlackTeam "Deggendorf II"]
[WhiteTeamCountry "GER"]
[BlackTeamCountry "GER"]

1. Nf3 c5 2. g3 Nc6 3. Bg2 d5 4. d4 Nf6 5. 0-0 e6 6. b3 Be7 7. Bb2 0-0 8. Nbd2 Re8 9. c4 h6 10. a3 a5 11. e3 b6 12. Ne5 Bb7 13. f4 cxd4 14. exd4 Rc8 15. Rc1 dxc4 16. bxc4 Qc7 17. Qb3 Red8 18. Ndf3 Bf8 19. Rfe1 Ne7 20. Bh3 Rb8 21. Nxf7 Kxf7 22. Bxe6+ Ke8 23. Ne5 Rd6 24. Bf7+ Kd8 25. c5 bxc5 26. dxc5 Rd2 27. Red1 Rxd1+ 28. Qxd1+ Ned5 29. c6 Bc8 30. Qd2 Bd6 31. Bxd5 Nxd5 32. Qxd5 Rxb2 33. Qg8+ Ke7 34. Qxg7+ Ke8 35. Qg6+ Kf8 36. Qxh6+ Ke8 37. Qh8+ Bf8 38. Qh5+ Ke7 39. Qf7+ Kd6 40. Nc4+ 1-0

[Event "Arber op 4th"]
[Site "Bayerisch Eisenstein"]
[Date "2015.08.01"]
[Round "1"]
[White "Palmi, Herbert"]
[Black "Pap, Misa"]
[Result "0-1"]
[WhiteElo "2075"]
[BlackElo "2488"]
[PlyCount "72"]
[EventDate "2015.08.01"]
[EventType "swiss"]
[EventRounds "9"]
[EventCountry "GER"]
[SourceTitle "EXT 2016"]
[Source "ChessBase"]
[SourceDate "2015.10.08"]
[SourceVersion "1"]
[SourceVersionDate "2015.10.08"]
[SourceQuality "1"]

1. Nf3 Nf6 2. b4 e6 3. a3 c5 4. bxc5 Bxc5 5. d4 Be7 6. c4 b6 7. Nc3 Bb7 8. d5 Bc5 9. e4 Ng4 10. Bg5 Nxf2 11. Bxd8 Nxd1 12. Rxd1 Kxd8 13. Ne5 Ke7 14. Nb5 d6 15. Nd3 Na6 16. Be2 e5 17. Kd2 Bc8 18. Rhf1 Bd7 19. Nxc5 Nxc5 20. Nc3 h5 21. Rb1 g6 22. Bd3 h4 23. Bc2 Rac8 24. Nb5 a6 25. Rxf7+ Kxf7 26. Nxd6+ Kg7 27. Nxc8 Rxc8 28. Rxb6 Rf8 29. Ke3 Rf1 30. Ke2 Rg1 31. Kf2 Rc1 32. Rb2 Ba4 33. Bxa4 Nd3+ 34. Ke3 Nxb2 35. Kd2 Rxc4 36. Bb3 Rxe4 0-1

[Event "Niederbayern-ch"]
[Site "Regen"]
[Date "2015.06.20"]
[Round "5"]
[White "Palmi, Herbert"]
[Black "Lichtmannecker, Hans Juergen"]
[Result "1/2-1/2"]
[WhiteElo "2082"]
[BlackElo "1737"]
[PlyCount "99"]
[EventDate "2015.06.18"]
[EventType "swiss"]
[EventRounds "7"]
[EventCountry "GER"]
[SourceTitle "EXT 2023"]
[Source "ChessBase"]
[SourceDate "2022.10.05"]
[SourceVersion "1"]
[SourceVersionDate "2022.10.05"]
[SourceQuality "1"]

1. Nf3 d6 2. d4 f5 3. c4 g6 4. Nc3 Nf6 5. e3 c6 6. Bd3 Bg7 7. 0-0 0-0 8. b4 Qe8 9. Bc2 e5 10. dxe5 dxe5 11. e4 f4 12. a4 Bg4 13. Ba3 Rf7 14. Bb3 Rd7 15. Qc2 Bxf3 16. gxf3 g5 17. Qe2 Na6 18. b5 Nc7 19. c5+ Kh8 20. bxc6 bxc6 21. a5 Ne6 22. Bxe6 Qxe6 23. Rfd1 Rad8 24. Rxd7 Rxd7 25. Rb1 h5 26. a6 Qh3 27. Rd1 Rxd1+ 28. Nxd1 g4 29. fxg4 Qxa3 30. gxh5 f3 31. Qd2 Nxe4 32. Qd7 Qxc5 33. Qe8+ Qf8 34. Qxc6 Qd8 35. Ne3 Qg5+ 36. Kf1 Nd2+ 37. Ke1 Qg1+ 38. Kxd2 Qxf2+ 39. Kd3 Qe2+ 40. Ke4 Qxh2 41. Qe8+ Kh7 42. Qg6+ Kh8 43. Kxf3 Qf4+ 44. Ke2 Bh6 45. Nf5 Qd2+ 46. Kf3 Qf4+ 47. Kg2 Qe4+ 48. Kf2 Qf4+ 49. Kg2 Qe4+ 50. Kf2 1/2-1/2

[Event "Niederbayern-ch"]
[Site "Regen"]
[Date "2015.06.19"]
[Round "4"]
[White "Golder, Waldemar"]
[Black "Palmi, Herbert"]
[Result "1/2-1/2"]
[WhiteElo "1897"]
[BlackElo "2082"]
[PlyCount "47"]
[EventDate "2015.06.18"]
[EventType "swiss"]
[EventRounds "7"]
[EventCountry "GER"]
[SourceTitle "EXT 2023"]
[Source "ChessBase"]
[SourceDate "2022.10.05"]
[SourceVersion "1"]
[SourceVersionDate "2022.10.05"]
[SourceQuality "1"]

1. c4 e5 2. Nc3 d6 3. g3 c6 4. d4 Be7 5. Nf3 Qc7 6. Bg2 Nf6 7. e4 0-0 8. 0-0 Re8 9. h3 Nbd7 10. Be3 Nf8 11. Nh4 exd4 12. Qxd4 Ne6 13. Qd2 g6 14. f4 Nh5 15. Qf2 Bxh4 16. gxh4 Neg7 17. c5 dxc5 18. Bxc5 b6 19. Be3 f5 20. e5 Bb7 21. Rac1 Qe7 22. a3 Red8 23. Rfd1 Ne6 24. b4 1/2-1/2

[Event "Niederbayern-ch"]
[Site "Regen"]
[Date "2015.06.18"]
[Round "1"]
[White "Palmi, Herbert"]
[Black "Bangert, Ruediger"]
[Result "1-0"]
[WhiteElo "2082"]
[BlackElo "1614"]
[PlyCount "59"]
[EventDate "2015.06.18"]
[EventType "swiss"]
[EventRounds "7"]
[EventCountry "GER"]
[SourceTitle "EXT 2023"]
[Source "ChessBase"]
[SourceDate "2022.10.05"]
[SourceVersion "1"]
[SourceVersionDate "2022.10.05"]
[SourceQuality "1"]

1. e4 d6 2. d4 g6 3. Be3 Nf6 4. f3 Bg7 5. Qd2 0-0 6. Nc3 Nbd7 7. g4 e5 8. d5 Nxg4 9. fxg4 Qh4+ 10. Qf2 Bf6 11. Qxh4 Bxh4+ 12. Kd2 Nf6 13. Nf3 g5 14. Nxh4 gxh4 15. Bh6 Re8 16. Be2 h3 17. Raf1 Nxg4 18. Bxg4 Bxg4 19. Rhg1 Kh8 20. Rxg4 Rg8 21. Rfg1 Rg6 22. Rxg6 hxg6 23. Rg3 c6 24. Rxh3 Kg8 25. Bg5 Kg7 26. Be7 cxd5 27. Nxd5 Rg8 28. Nf6 Rh8 29. Rxh8 Kxh8 30. Bxd6 1-0